[Event "POL-chT 2nd League"]
[Site "Wysowa"]
[Date "2003.09.12"]
[Round "9"]
[White "Kowzan, Piotr"]
[Black "Gumula, Daniel"]
[Result "1-0"]
[WhiteElo "2165"]
[BlackElo "2153"]
[PlyCount "81"]
[EventDate "2003.09.06"]
[EventType "team-swiss"]
[EventRounds "11"]
[EventCountry "POL"]
[SourceTitle "CBM 096 Extra"]
[Source "ChessBase"]
[SourceDate "2003.10.22"]
[SourceVersion "2"]
[SourceVersionDate "2003.10.20"]
[SourceQuality "1"]
[WhiteTeam "Turek Tecza"]
[BlackTeam "Jaworzno JKSz MCKiS II"]
[WhiteTeamCountry "POL"]
[BlackTeamCountry "POL"]

1. d4 Nf6 2. c4 g6 3. f3 Bg7 4. e4 d6 5. Nc3 0-0 6. Be3 a6 7. Qd2 Nbd7 8. Nh3 c5 9. d5 b5 10. cxb5 Qa5 11. Nf2 Nb6 12. a4 axb5 13. Bxb5 Bd7 14. Ra3 Bxb5 15. axb5 Qb4 16. Nd3 Rxa3 17. Nxb4 Ra1+ 18. Nd1 Nc4 19. Qe2 Nxe3 20. Qxe3 cxb4 21. 0-0 Nd7 22. Qd2 Nc5 23. Qxb4 Ra4 24. Qd2 Rd4 25. Qe2 Rb8 26. Nc3 Nb3 27. Rd1 Rb4 28. Kf1 Nd4 29. Qf2 Nxb5 30. Nxb5 R4xb5 31. Rd2 Rxb2 32. Rxb2 Rxb2 33. Qa7 Bf6 34. f4 Rb1+ 35. Ke2 Rb2+ 36. Kf3 Rb3+ 37. Ke2 Rb2+ 38. Kd3 Rxg2 39. e5 Bg7 40. Qxe7 Bf8 41. exd6 1-0

[Event "POL-chT 2nd League"]
[Site "Wysowa"]
[Date "2003.09.11"]
[Round "8"]
[White "Tyszkiewicz, Zbigniew"]
[Black "Kowzan, Piotr"]
[Result "0-1"]
[WhiteElo "2175"]
[BlackElo "2165"]
[PlyCount "122"]
[EventDate "2003.09.06"]
[EventType "team-swiss"]
[EventRounds "11"]
[EventCountry "POL"]
[SourceTitle "CBM 096 Extra"]
[Source "ChessBase"]
[SourceDate "2003.10.22"]
[SourceVersion "2"]
[SourceVersionDate "2003.10.20"]
[SourceQuality "1"]
[WhiteTeam "Pultusk Nadnarwianka"]
[BlackTeam "Turek Tecza"]
[WhiteTeamCountry "POL"]
[BlackTeamCountry "POL"]

1. Nf3 e6 2. b3 Nf6 3. Bb2 b6 4. g3 Bb7 5. Bg2 Be7 6. 0-0 0-0 7. c4 d6 8. d4 Nbd7 9. Nbd2 Ne4 10. Qc2 f5 11. e3 Qe8 12. Ne1 Ndf6 13. f3 Nxd2 14. Qxd2 Qh5 15. Nd3 Rae8 16. Rad1 g5 17. a4 a5 18. Rc1 Rf7 19. b4 axb4 20. Nxb4 Ra8 21. Ra1 d5 22. Nd3 dxc4 23. Ne5 Rg7 24. Nxc4 Nd5 25. Rfc1 Bb4 26. Qf2 Qe8 27. Qc2 Bc6 28. e4 Bxa4 29. Rxa4 Qxa4 30. exd5 Qxc2 31. Rxc2 exd5 32. Ne3 Ra2 33. Bc1 Rxc2 34. Nxc2 Bc3 35. Kf1 c6 36. Ke2 Kf7 37. Kd3 Ba5 38. Ne3 Kg6 39. Ba3 h5 40. g4 hxg4 41. fxg4 f4 42. Nf5 Rh7 43. h3 Kf6 44. Bd6 Ra7 45. Bb8 Ra8 46. Be5+ Ke6 47. h4 gxh4 48. Nxh4 Be1 49. Ng6 Ra3+ 50. Ke2 Bg3 51. Nxf4+ Bxf4 52. Bxf4 b5 53. Bd2 Ra2 54. Bh3 Kf6 55. g5+ Kg6 56. Bd7 Rc2 57. Be6 Kg7 58. Kd3 Rc4 59. Bf4 b4 60. g6 b3 61. Be5+ Kxg6 0-1

[Event "POL-chT 2nd League"]
[Site "Wysowa"]
[Date "2003.09.06"]
[Round "1"]
[White "Kruzynski, Wieslaw"]
[Black "Kowzan, Piotr"]
[Result "1-0"]
[WhiteElo "2148"]
[BlackElo "2165"]
[PlyCount "73"]
[EventDate "2003.09.06"]
[EventType "team-swiss"]
[EventRounds "11"]
[EventCountry "POL"]
[SourceTitle "CBM 096 Extra"]
[Source "ChessBase"]
[SourceDate "2003.10.22"]
[SourceVersion "2"]
[SourceVersionDate "2003.10.20"]
[SourceQuality "1"]
[WhiteTeam "Bydgoszcz AZS AB"]
[BlackTeam "Turek Tecza"]
[WhiteTeamCountry "POL"]
[BlackTeamCountry "POL"]

1. d4 Nf6 2. Nf3 e6 3. g3 b6 4. Bg2 Bb7 5. c4 Bb4+ 6. Nc3 0-0 7. 0-0 d6 8. Na4 d5 9. c5 bxc5 10. a3 Ba5 11. Nxc5 Qc8 12. b4 Bb6 13. a4 Bxc5 14. dxc5 Nbd7 15. Ba3 c6 16. Qc2 Re8 17. Nd2 Ba6 18. Rfe1 Ne5 19. Bb2 Nfd7 20. Qc3 f6 21. e4 Rb8 22. exd5 exd5 23. b5 cxb5 24. c6 Nb6 25. a5 Nbc4 26. Bxd5+ Kh8 27. f4 Nxc6 28. Nxc4 bxc4 29. Qxf6 Rxb2 30. Rxe8+ Qxe8 31. Qxb2 h5 32. Qf2 Nb4 33. Re1 Qd7 34. Be6 Qd6 35. Qxa7 c3 36. Qf7 Qc5+ 37. Kg2 1-0

[Event "POL-chT 58th 2nd League"]
[Site "Wisla"]
[Date "2002.??.??"]
[Round "?"]
[White "Kowzan, Piotr"]
[Black "Caba, Tomasz"]
[Result "0-1"]
[WhiteElo "2240"]
[BlackElo "2111"]
[PlyCount "40"]
[EventDate "2002.08.30"]
[EventType "team-swiss"]
[EventRounds "11"]
[EventCountry "POL"]
[SourceTitle "EXT 2019"]
[Source "ChessBase"]
[SourceDate "2018.10.10"]
[SourceVersion "1"]
[SourceVersionDate "2018.10.10"]
[SourceQuality "1"]

1. e4 c5 2. Nf3 Nc6 3. Bb5 g6 4. 0-0 Bg7 5. c3 Nf6 6. Re1 0-0 7. d4 cxd4 8. cxd4 d5 9. e5 Ne4 10. Nc3 Nxc3 11. bxc3 Qa5 12. Qb3 Bg4 13. Nd2 Rfd8 14. h3 Bf5 15. g4 Bc2 16. Qb2 Ba4 17. Bf1 Rac8 18. Re3 Qc7 19. f4 Na5 20. Qb4 Be8 0-1

[Event "POL-chT 58th 2nd League"]
[Site "Wisla"]
[Date "2002.??.??"]
[Round "?"]
[White "Misiuga, Andrzej"]
[Black "Kowzan, Piotr"]
[Result "1/2-1/2"]
[WhiteElo "2229"]
[BlackElo "2240"]
[PlyCount "40"]
[EventDate "2002.08.30"]
[EventType "team-swiss"]
[EventRounds "11"]
[EventCountry "POL"]
[SourceTitle "EXT 2019"]
[Source "ChessBase"]
[SourceDate "2018.10.10"]
[SourceVersion "1"]
[SourceVersionDate "2018.10.10"]
[SourceQuality "1"]

1. Nf3 d5 2. c4 c6 3. e3 Nf6 4. d4 e6 5. Nc3 Nbd7 6. Qc2 a6 7. a3 b5 8. b3 Be7 9. Bd3 0-0 10. 0-0 bxc4 11. bxc4 dxc4 12. Bxc4 c5 13. Rd1 Bb7 14. d5 exd5 15. Nxd5 Nxd5 16. Bxd5 Qc7 17. Bxb7 Qxb7 18. Rb1 Qc7 19. Qe4 Nf6 20. Qc4 Rfd8 1/2-1/2

[Event "POL-chT 58th 2nd League"]
[Site "Wisla"]
[Date "2002.??.??"]
[Round "?"]
[White "Sciborowski, Miroslaw"]
[Black "Kowzan, Piotr"]
[Result "0-1"]
[WhiteElo "2182"]
[BlackElo "2240"]
[PlyCount "40"]
[EventDate "2002.08.30"]
[EventType "team-swiss"]
[EventRounds "11"]
[EventCountry "POL"]
[SourceTitle "EXT 2019"]
[Source "ChessBase"]
[SourceDate "2018.10.10"]
[SourceVersion "1"]
[SourceVersionDate "2018.10.10"]
[SourceQuality "1"]
[WhiteTeam "Znin Baszta"]
[WhiteTeamCountry "POL"]

1. d4 Nf6 2. Nf3 e6 3. g3 b6 4. Bg2 d5 5. 0-0 Ba6 6. Ne5 Nfd7 7. f4 c5 8. f5 cxd4 9. Nxf7 Kxf7 10. fxe6+ Kxe6 11. c4 Bxc4 12. b3 Ba6 13. Qc2 Nf6 14. Qf5+ Kd6 15. Bf4+ Kc6 16. Rc1+ Bc5 17. b4 Qd7 18. Qe5 Kb7 19. bxc5 Nc6 20. Qg5 Bxe2 0-1

[Event "Polanica Zdroj op"]
[Site "Polanica Zdroj"]
[Date "2001.08.25"]
[Round "10"]
[White "Kowzan, Piotr"]
[Black "Maciejewski, Miroslaw"]
[Result "1/2-1/2"]
[WhiteElo "2256"]
[BlackElo "2350"]
[PlyCount "22"]
[EventDate "2001.08.16"]
[EventType "swiss"]
[EventRounds "10"]
[EventCountry "POL"]
[SourceTitle "EXT 2002"]
[Source "ChessBase"]
[SourceDate "2001.11.25"]
[SourceVersion "1"]
[SourceVersionDate "2001.11.25"]
[SourceQuality "1"]

1. d4 Nf6 2. c4 g6 3. f3 Bg7 4. e4 d6 5. Nc3 0-0 6. Be3 b6 7. Qd2 c5 8. d5 Nbd7 9. Nh3 Ne5 10. Nf2 Nh5 11. Be2 f5 1/2-1/2

[Event "Polanica Zdroj op"]
[Site "Polanica Zdroj"]
[Date "2001.08.24"]
[Round "9"]
[White "Jedryczka, Krystian"]
[Black "Kowzan, Piotr"]
[Result "1-0"]
[WhiteElo "2330"]
[BlackElo "2256"]
[PlyCount "40"]
[EventDate "2001.08.16"]
[EventType "swiss"]
[EventRounds "10"]
[EventCountry "POL"]
[SourceTitle "EXT 2002"]
[Source "ChessBase"]
[SourceDate "2001.11.25"]
[SourceVersion "1"]
[SourceVersionDate "2001.11.25"]
[SourceQuality "1"]

1. e4 e6 2. d4 d5 3. Nc3 Nf6 4. Bg5 Bb4 5. exd5 exd5 6. Qf3 Be6 7. Nge2 Nbd7 8. h3 c6 9. 0-0-0 Qa5 10. a3 Bd6 11. Nf4 0-0-0 12. Nh5 h6 13. Bxf6 gxf6 14. g4 b5 15. Na2 Qc7 16. Kb1 Be7 17. Qe3 Nb6 18. Nf4 Qd7 19. Bd3 Nc4 20. Bxc4 bxc4 1-0

[Event "Swidnica op-A"]
[Site "Swidnica"]
[Date "2000.??.??"]
[Round "3"]
[White "Bochkarev, Alexander"]
[Black "Kowzan, Piotr"]
[Result "1-0"]
[WhiteElo "2440"]
[BlackElo "2183"]
[PlyCount "46"]
[EventDate "2000.07.??"]
[EventType "swiss"]
[EventRounds "10"]
[EventCountry "POL"]
[SourceTitle "EXT 2003"]
[Source "ChessBase"]
[SourceDate "2002.11.25"]
[SourceVersion "1"]
[SourceVersionDate "2002.11.25"]
[SourceQuality "1"]

1. e4 e6 2. d4 d5 3. Nd2 Be7 4. Bd3 c5 5. dxc5 Nc6 6. Ngf3 Nf6 7. 0-0 Bxc5 8. a3 0-0 9. b4 Be7 10. Bb2 b6 11. Qe2 Bb7 12. Rad1 Qc7 13. e5 Nd7 14. c4 Nd8 15. cxd5 Bxd5 16. Rc1 Qb8 17. Bb5 Qb7 18. Ba6 Qb8 19. Qb5 Bb7 20. Qxd7 Bxa6 21. Rfe1 Bc5 22. bxc5 bxc5 23. Ba1 Nb7 1-0

[Event "POL-chT 2nd div South"]
[Site "Polanica Zdroj"]
[Date "1999.??.??"]
[Round "7"]
[White "Kowzan, Piotr"]
[Black "Dera, Andrzej"]
[Result "1-0"]
[WhiteElo "2070"]
[BlackElo "2108"]
[PlyCount "40"]
[EventDate "1999.09.17"]
[EventType "team-swiss"]
[EventRounds "10"]
[EventCountry "POL"]
[SourceTitle "EXT 2001"]
[Source "ChessBase"]
[SourceDate "2000.11.22"]
[SourceVersion "1"]
[SourceVersionDate "2000.11.22"]
[SourceQuality "1"]
[WhiteTeam "POL-chT 2nd div South 02"]
[BlackTeam "POL-chT 2nd div South 07"]
[WhiteTeamCountry "POL"]
[BlackTeamCountry "POL"]

1. d4 d5 2. e3 c6 3. Bd3 Nf6 4. Nd2 Bg4 5. Ne2 Nbd7 6. f4 e6 7. 0-0 Bd6 8. Qe1 Bxe2 9. Qxe2 Qe7 10. Rf3 0-0-0 11. c4 h6 12. c5 Bc7 13. b4 Rdg8 14. a4 g5 15. b5 gxf4 16. exf4 Rg4 17. Nb3 Rhg8 18. g3 Nh5 19. bxc6 bxc6 20. Bh7 R8g7 1-0

[Event "Krakow op-A"]
[Site "Krakow"]
[Date "1999.??.??"]
[Round "?"]
[White "Kowzan, Piotr"]
[Black "Jurkiewicz, Katarzyna"]
[Result "1-0"]
[WhiteElo "2070"]
[BlackElo "2170"]
[PlyCount "55"]
[EventDate "1999.??.??"]
[EventType "swiss"]
[EventRounds "11"]
[EventCountry "POL"]
[SourceTitle "EXT 2002"]
[Source "ChessBase"]
[SourceDate "2001.11.25"]
[SourceVersion "1"]
[SourceVersionDate "2001.11.25"]
[SourceQuality "1"]

1. d4 f5 2. Bf4 Nf6 3. e3 g6 4. h4 Bg7 5. h5 d6 6. h6 Bf8 7. Nc3 e6 8. Nf3 Bd7 9. Bc4 Qe7 10. Qe2 Nc6 11. d5 exd5 12. Nxd5 Nxd5 13. Bxd5 Be6 14. Qc4 Bxd5 15. Qxd5 Qd7 16. 0-0-0 0-0-0 17. Nd4 Be7 18. e4 fxe4 19. Qxe4 Nxd4 20. Qxd4 Qf5 21. Be3 Qa5 22. Rd3 d5 23. Kb1 c5 24. Qe5 c4 25. Rd4 Bb4 26. a3 Be1 27. Rd1 Rhe8 28. Qg5 1-0

[Event "POL-chT 2nd div South"]
[Site "Polanica Zdroj"]
[Date "1999.??.??"]
[Round "6"]
[White "Lopusiewicz, Piotr"]
[Black "Kowzan, Piotr"]
[Result "1/2-1/2"]
[WhiteElo "2154"]
[BlackElo "2070"]
[PlyCount "40"]
[EventDate "1999.09.17"]
[EventType "team-swiss"]
[EventRounds "10"]
[EventCountry "POL"]
[SourceTitle "EXT 2001"]
[Source "ChessBase"]
[SourceDate "2000.11.22"]
[SourceVersion "1"]
[SourceVersionDate "2000.11.22"]
[SourceQuality "1"]
[WhiteTeam "POL-chT 2nd div South 25"]
[BlackTeam "POL-chT 2nd div South 02"]
[WhiteTeamCountry "POL"]
[BlackTeamCountry "POL"]

1. d4 Nf6 2. c4 g6 3. Nc3 d5 4. cxd5 Nxd5 5. e4 Nxc3 6. bxc3 Bg7 7. Bc4 c5 8. Ne2 Nc6 9. Be3 cxd4 10. cxd4 b5 11. Bd5 Bd7 12. 0-0 0-0 13. Rc1 Rc8 14. Bxc6 Rxc6 15. Rxc6 Bxc6 16. d5 Bd7 17. Bxa7 Qa5 18. Bc5 Qxa2 19. Bxe7 Re8 20. d6 b4 1/2-1/2

[Event "POL-chT 2nd div South"]
[Site "Polanica Zdroj"]
[Date "1999.??.??"]
[Round "3"]
[White "Milanowski, Jan"]
[Black "Kowzan, Piotr"]
[Result "0-1"]
[WhiteElo "2094"]
[BlackElo "2070"]
[PlyCount "40"]
[EventDate "1999.09.17"]
[EventType "team-swiss"]
[EventRounds "10"]
[EventCountry "POL"]
[SourceTitle "EXT 2001"]
[Source "ChessBase"]
[SourceDate "2000.11.22"]
[SourceVersion "1"]
[SourceVersionDate "2000.11.22"]
[SourceQuality "1"]
[WhiteTeam "POL-chT 2nd div South 06"]
[BlackTeam "POL-chT 2nd div South 02"]
[WhiteTeamCountry "POL"]
[BlackTeamCountry "POL"]

1. d4 Nf6 2. Nf3 g6 3. Bf4 Bg7 4. c3 d5 5. Nbd2 c5 6. e3 Nc6 7. Be2 0-0 8. Ne5 Qb6 9. Nxc6 bxc6 10. Qb3 Nd7 11. 0-0 cxd4 12. exd4 e5 13. dxe5 Nxe5 14. Be3 Qc7 15. Bc5 Re8 16. Rfe1 Bf5 17. Nf3 Nd7 18. Ba3 Be4 19. Qd1 Rab8 20. Bd3 f5 0-1

[Event "POL-chT 2nd League South"]
[Site "Wisla"]
[Date "1998.??.??"]
[Round "?"]
[White "Milanowski, Jan"]
[Black "Kowzan, Piotr"]
[Result "0-1"]
[WhiteElo "2060"]
[BlackElo "2030"]
[PlyCount "88"]
[EventDate "1998.11.20"]
[EventType "team-swiss"]
[EventRounds "10"]
[EventCountry "POL"]
[SourceTitle "EXT 2000"]
[Source "ChessBase"]
[SourceDate "1999.11.16"]
[SourceVersion "1"]
[SourceVersionDate "1999.11.16"]
[SourceQuality "1"]

1. d4 Nf6 2. Nf3 g6 3. Bf4 Bg7 4. c3 d6 5. h3 0-0 6. e3 c5 7. Nbd2 Nc6 8. Bh2 cxd4 9. exd4 e5 10. dxe5 Qe7 11. Be2 dxe5 12. Nc4 Rd8 13. Qb3 Nd5 14. 0-0 Be6 15. Qa3 Qe8 16. Qa4 f6 17. Rfd1 Bf8 18. Ncd2 Nd4 19. Qxe8 Nxe2+ 20. Kf1 Rxe8 21. Kxe2 Nf4+ 22. Bxf4 exf4 23. Kf1 Rad8 24. Nd4 Bf7 25. Re1 Re5 26. N4f3 Rb5 27. b3 g5 28. Ne4 Kg7 29. Rad1 Rbd5 30. Rxd5 Rxd5 31. Nd4 Kg6 32. Nf3 h5 33. c4 Ra5 34. Re2 Bb4 35. a4 Ra6 36. Rc2 Re6 37. Nc3 g4 38. Nd4 Re5 39. hxg4 hxg4 40. Ndb5 a6 41. Nd4 Kg5 42. Rc1 Bg6 43. Nd5 Bd3+ 44. Kg1 Bc5 0-1

[Event "POL-chT2 U18"]
[Site "Augustow"]
[Date "1996.??.??"]
[Round "?"]
[White "Kowzan, Piotr"]
[Black "Stryjecki, Marek"]
[Result "1-0"]
[WhiteElo "1920"]
[BlackElo "2150"]
[PlyCount "59"]
[EventDate "1996.??.??"]
[EventType "team"]
[EventRounds "10"]
[EventCountry "POL"]
[SourceTitle "EXT 2003"]
[Source "ChessBase"]
[SourceDate "2002.11.25"]
[SourceVersion "1"]
[SourceVersionDate "2002.11.25"]
[SourceQuality "1"]

1. d4 g6 2. g3 Bg7 3. Bg2 d6 4. Nf3 Nf6 5. 0-0 0-0 6. c4 Nc6 7. Nc3 e5 8. d5 Ne7 9. e4 Nd7 10. Ne1 f5 11. Nd3 Nf6 12. f3 c5 13. a3 b6 14. b4 Kh8 15. Kh1 Neg8 16. Be3 Nh5 17. Bg1 Nh6 18. Nb5 a6 19. Nxd6 Qxd6 20. bxc5 Qc7 21. cxb6 Qxc4 22. Rc1 Qb5 23. Rb1 Qa5 24. b7 Rb8 25. Bb6 Qc3 26. Rc1 Qxc1 27. Qxc1 Rxb7 28. Bc7 fxe4 29. fxe4 Re8 30. Bxe5 1-0

[Event "POL-chT2 U18"]
[Site "Augustow"]
[Date "1996.??.??"]
[Round "?"]
[White "Kowzan, Piotr"]
[Black "Wlodarczyk, Oskar"]
[Result "0-1"]
[WhiteElo "1925"]
[BlackElo "2080"]
[PlyCount "62"]
[EventDate "1996.??.??"]
[EventType "team"]
[EventRounds "10"]
[EventCountry "POL"]
[SourceTitle "EXT 2003"]
[Source "ChessBase"]
[SourceDate "2002.11.25"]
[SourceVersion "1"]
[SourceVersionDate "2002.11.25"]
[SourceQuality "1"]

1. d4 c5 2. d5 d6 3. c4 e5 4. Nc3 Nf6 5. e4 Be7 6. Bd3 0-0 7. Nge2 Nh5 8. Be3 Bg5 9. Qd2 Bxe3 10. Qxe3 f5 11. exf5 Bxf5 12. 0-0-0 Bxd3 13. Rxd3 Nf4 14. Nxf4 Rxf4 15. Ne4 h6 16. g3 Rf8 17. f4 Qe7 18. Nxd6 Qxd6 19. fxe5 Qe7 20. e6 Qd6 21. g4 Na6 22. a3 Nc7 23. h4 Rf4 24. b3 b5 25. cxb5 c4 26. bxc4 Rxc4+ 27. Kd1 Nxb5 28. g5 Nc3+ 29. Kd2 Qxa3 30. Rg1 Qb2+ 31. Ke1 Re4 0-1